000 00410nam a2200181Ia 4500
001 3008
005 20260306144849.0
008 260306t1997||||xx |||||||||||||| ||spa||
041 _aESP
082 _a241
_bS13
100 _aSada, Ricardo
_eAUT
245 0 _aCurso de teología moral
260 _c1997
300 _a331 páginas :
_c21 cm.
650 _aGEN
654 _aCHU
942 _cLIB
_dJUS
_fJUS
_2ddc
_n
999 _c3008
_d3008